| 000 | 01119cam a2200241 a 4500 | ||
|---|---|---|---|
| 001 | 000001309 | ||
| 005 | 20200929145534.0 | ||
| 008 | 030115s1999 sz a b 001 0 ger d | ||
| 020 | _a3908541107 | ||
| 040 |
_aDO-SdBNP _bspa _cBNPHU |
||
| 100 | 1 |
_aGerster, Lorenzo. _94425 |
|
| 245 | 1 | 0 |
_aZur Architektur der sogenannten Mitte : _bBauen im Zwiespalt mit der Tradition und im Zwiespalt mit der Moderne vor allem aber nich im Zwiespalt mit der Politik / _cLorenzo Gerster. |
| 260 |
_aZurich : _bTontafelverlag, _c1999. |
||
| 300 |
_a2 v. (ix, 724 p.) : _bill. ; _c35 cm. |
||
| 546 | _aSummary also in French, Italian, Raeto-Romance, English, Spanish, Russian, Arabic, Japanese, Chinese, and Greek. | ||
| 500 | _aVol. 2: chiefly ill. | ||
| 504 | _aIncludes bibliographical references (v. 2, p. 701-724) and indexes. | ||
| 650 | 0 |
_aArchitecture _zSwitzerland _xHistory _y20th century. _94426 |
|
| 600 | 1 | 0 |
_aGerster, Alban, _d1898-1986. _94427 |
| 650 | 0 |
_aArchitecture _zSwitzerland _xHistory _y20th century _vDesigns and plans. _94428 |
|
| 650 | 0 |
_aArchitecture and society. _94429 |
|
| 700 | 1 |
_aGerster, Alban, _d1898-1986. _94427 |
|
| 999 |
_c1246 _d1246 |
||